[Event "Sachsen-ch"]
[Site "Leipzig"]
[Date "2018.11.03"]
[Round "2"]
[White "Mueller, Sylvio"]
[Black "Hille, Wolfram"]
[Result "0-1"]
[WhiteElo "1281"]
[BlackElo "1809"]
[PlyCount "54"]
[EventDate "2018.11.02"]
[EventType "swiss"]
[EventRounds "6"]
[EventCountry "GER"]
[SourceTitle "CBM 187 Extra"]
[Source "ChessBase"]
[SourceDate "2018.11.04"]
[SourceVersion "1"]
[SourceVersionDate "2018.11.04"]
[SourceQuality "1"]

1. d4 d6 2. Nc3 Nf6 3. e4 g6 4. Bg5 Bg7 5. Nf3 0-0 6. e5 Ne8 7. Qd2 dxe5 8. dxe5 Qxd2+ 9. Nxd2 f6 10. Bc4+ Kh8 11. exf6 exf6 12. Be3 Nd6 13. Nb5 Nxb5 14. Bxb5 Bf5 15. 0-0-0 c6 16. Be2 Nd7 17. Nf3 Nb6 18. Nd4 Bc8 19. Rd2 Nd5 20. Rd3 Re8 21. Bf3 Nxe3 22. Re1 Bf5 23. Rdxe3 Bh6 24. Nxf5 gxf5 25. Bh5 Bxe3+ 26. fxe3 Re5 27. Bf3 Rd8 0-1

[Event "Prague Holiday K31"]
[Site "Prague"]
[Date "2015.08.04"]
[Round "4"]
[White "Hille, Wolfram"]
[Black "Pokorny, Jan1111"]
[Result "0-1"]
[WhiteElo "1965"]
[BlackElo "1803"]
[PlyCount "72"]
[EventDate "2015.08.02"]
[EventType "tourn"]
[EventRounds "9"]
[EventCountry "CZE"]
[SourceTitle "EXT 2017"]
[Source "ChessBase"]
[SourceDate "2016.10.25"]
[SourceVersion "1"]
[SourceVersionDate "2016.10.25"]
[SourceQuality "1"]

1. e4 c5 2. Nc3 d6 3. d3 Bd7 4. f4 Nc6 5. Nf3 g6 6. g3 Bg7 7. Bg2 a6 8. 0-0 e6 9. Be3 Nd4 10. Rb1 Ne7 11. Ne2 Nxe2+ 12. Qxe2 0-0 13. c3 b5 14. d4 Rc8 15. Qf2 c4 16. e5 d5 17. g4 a5 18. h4 Rb8 19. Bd2 b4 20. g5 Ba4 21. Rbc1 Nc6 22. Nh2 bxc3 23. Bxc3 Nb4 24. Bxb4 Rxb4 25. Ng4 Qb6 26. Rb1 Rb8 27. f5 Rxb2 28. Rxb2 Qxb2 29. fxe6 Qxf2+ 30. Rxf2 fxe6 31. Bf1 Rb1 32. Kg2 Rd1 33. Rb2 Rxd4 34. Rb8+ Kf7 35. Rb7+ Kf8 36. Kf3 Bd1+ 0-1